[Event "Wch U18 Girls"]
[Site "Kemer"]
[Date "2009.11.22"]
[Round "11"]
[White "Eric, Jovana"]
[Black "Marshall, Abby"]
[Result "1/2-1/2"]
[WhiteElo "2163"]
[BlackElo "2176"]
[PlyCount "35"]
[EventDate "2009.11.12"]
[EventType "swiss"]
[EventRounds "11"]
[EventCountry "TUR"]
[SourceTitle "EXT 2010"]
[Source "ChessBase"]
[SourceDate "2010.11.25"]
[SourceVersion "1"]
[SourceVersionDate "2010.11.25"]
[SourceQuality "1"]

1. e4 e5 2. Nf3 Nc6 3. Bc4 Nf6 4. d3 Bc5 5. c3 0-0 6. Bb3 h6 7. 0-0 d6 8. h3 a6 9. Nbd2 Ba7 10. Re1 Be6 11. Nf1 Re8 12. Bxe6 fxe6 13. d4 Qe7 14. Ng3 Qf7 15. Be3 Rad8 16. Qb3 exd4 17. cxd4 Bb6 18. Qd3 1/2-1/2

[Event "Wch U18 Girls"]
[Site "Kemer"]
[Date "2009.11.15"]
[Round "4"]
[White "Marshall, Abby"]
[Black "Labedz, Patrycja"]
[Result "1-0"]
[WhiteElo "2176"]
[BlackElo "2115"]
[PlyCount "59"]
[EventDate "2009.11.12"]
[EventType "swiss"]
[EventRounds "11"]
[EventCountry "TUR"]
[SourceTitle "EXT 2010"]
[Source "ChessBase"]
[SourceDate "2010.11.25"]
[SourceVersion "1"]
[SourceVersionDate "2010.11.25"]
[SourceQuality "1"]

1. e4 c5 2. Nf3 Nc6 3. d4 cxd4 4. Nxd4 e5 5. Nb5 d6 6. c4 Be7 7. Be2 f5 8. exf5 Bxf5 9. N1c3 a6 10. Na3 Nf6 11. 0-0 0-0 12. Nc2 Kh8 13. Ne3 Be6 14. Bd3 Rc8 15. b3 Nd4 16. Bb2 Qe8 17. f4 Nh5 18. f5 Bg5 19. Ncd5 Bf7 20. Qg4 Bxe3+ 21. Nxe3 Nf4 22. Rxf4 Bh5 23. Qg5 h6 24. Qh4 exf4 25. Qxf4 Nxf5 26. Nxf5 Qg6 27. Qd4 Rc7 28. Ng3 Qg5 29. Nxh5 Qxh5 30. Qe4 1-0

[Event "US Open-110"]
[Site "Indianapolis"]
[Date "2009.08.04"]
[Round "4"]
[White "Marshall, Abby"]
[Black "Tae, Patrick John"]
[Result "1-0"]
[WhiteElo "2171"]
[BlackElo "2092"]
[PlyCount "67"]
[EventDate "2009.08.01"]
[EventType "swiss"]
[EventRounds "9"]
[EventCountry "USA"]
[SourceTitle "CBM 131 Extra"]
[Source "ChessBase"]
[SourceDate "2009.09.03"]
[SourceVersion "2"]
[SourceVersionDate "2009.09.16"]
[SourceQuality "1"]

1. e4 e5 2. f4 exf4 3. Bc4 Nf6 4. Nc3 c6 5. Bb3 d5 6. exd5 cxd5 7. d4 Bd6 8. Nf3 Be6 9. 0-0 Nc6 10. Ng5 0-0 11. Bxf4 a6 12. Qd3 Nb4 13. Qd2 h6 14. Nf3 Rc8 15. Rae1 Ne4 16. Nxe4 dxe4 17. Rxe4 Bxb3 18. cxb3 Rc2 19. Qd1 Rxb2 20. Bxh6 Qf6 21. Bc1 Rxa2 22. Nh4 Qd8 23. Nf5 Qc7 24. Qh5 Rxg2+ 25. Kxg2 Qc2+ 26. Qe2 Qxb3 27. Nxd6 Qd5 28. Nf5 Re8 29. Rff4 Na2 30. Kg1 Rxe4 31. Qxe4 Qb3 32. Qe8+ Kh7 33. Rh4+ Kg6 34. Rg4+ 1-0

[Event "US Open-110"]
[Site "Indianapolis"]
[Date "2009.08.02"]
[Round "2"]
[White "Marshall, Abby"]
[Black "Huang, Vincent"]
[Result "1-0"]
[WhiteElo "2171"]
[BlackElo "2063"]
[PlyCount "115"]
[EventDate "2009.08.01"]
[EventType "swiss"]
[EventRounds "9"]
[EventCountry "USA"]
[SourceTitle "CBM 131 Extra"]
[Source "ChessBase"]
[SourceDate "2009.09.03"]
[SourceVersion "2"]
[SourceVersionDate "2009.09.16"]
[SourceQuality "1"]

1. e4 e5 2. f4 exf4 3. Bc4 Nf6 4. Nc3 c6 5. Bb3 d5 6. exd5 cxd5 7. d4 Bd6 8. Nf3 Nc6 9. 0-0 Be6 10. Ng5 0-0 11. Nxe6 fxe6 12. Bxf4 a6 13. Qd2 b5 14. Rae1 Qd7 15. a3 Rae8 16. Kh1 Bc7 17. Ne2 Ne4 18. Qe3 Bb6 19. c3 Kh8 20. Qh3 Qf7 21. Rf3 Qg6 22. Ref1 Rf5 23. Be3 Rxf3 24. Qxf3 h6 25. Ba2 Na5 26. Nf4 Qf5 27. Qe2 Bc7 28. Nxd5 Qxf1+ 29. Qxf1 exd5 30. Qf7 Nf6 31. Qxc7 Rxe3 32. h3 Nc4 33. Bxc4 bxc4 34. Qc8+ Kh7 35. Qxa6 h5 36. Kg1 Re2 37. Qb5 h4 38. Kf1 Rd2 39. a4 Kg6 40. a5 Kg5 41. Ke1 Rxg2 42. Qb8 Rg3 43. a6 Rxh3 44. a7 Rh1+ 45. Kd2 Ra1 46. a8Q Rxa8 47. Qxa8 Kg4 48. Qb8 Kf3 49. Ke1 Kg2 50. Qh8 Ne4 51. Qxh4 g5 52. Qg4+ Kh2 53. Qf5 Kg3 54. Qxd5 Kf3 55. Qxc4 g4 56. Qe2+ Kf4 57. Qxe4+ Kxe4 58. Kf2 1-0

[Event "WMSG Rapid Team 1st (Women)"]
[Site "Beijing"]
[Date "2008.10.15"]
[Round "3"]
[White "Marshall, Abby"]
[Black "Horn, Emilia"]
[Result "1-0"]
[WhiteElo "2194"]
[BlackElo "2041"]
[PlyCount "49"]
[EventDate "2008.10.14"]
[EventType "team (rapid)"]
[EventRounds "9"]
[EventCountry "CHN"]
[SourceTitle "CBM 126 Extra"]
[Source "ChessBase"]
[SourceDate "2008.11.05"]
[SourceVersion "1"]
[SourceVersionDate "2008.11.05"]
[SourceQuality "1"]

1. e4 e5 2. f4 exf4 3. Bc4 h6 4. d4 g5 5. h4 Bg7 6. hxg5 hxg5 7. Rxh8 Bxh8 8. Qh5 Qf6 9. Nc3 Nh6 10. Nd5 Qxd4 11. Qxh6 Qxg1+ 12. Bf1 Bd4 13. Be3 fxe3 14. 0-0-0 c6 15. Nc7+ Kd8 16. Nxa8 Ke7 17. Qxg5+ Bf6 18. Qc5+ Ke8 19. Nc7+ Kd8 20. Qf8+ Kxc7 21. Qd6+ Kb6 22. Qxf6 e2 23. Qd8+ Kc5 24. Qa5+ b5 25. Qxa7+ 1-0

[Event "WMSG Rapid Team 1st (Women)"]
[Site "Beijing"]
[Date "2008.10.14"]
[Round "1"]
[White "Marshall, Abby"]
[Black "Bhatia, Kanwal K"]
[Result "1-0"]
[WhiteElo "2194"]
[BlackElo "2065"]
[PlyCount "51"]
[EventDate "2008.10.14"]
[EventType "team (rapid)"]
[EventRounds "9"]
[EventCountry "CHN"]
[SourceTitle "CBM 126 Extra"]
[Source "ChessBase"]
[SourceDate "2008.11.05"]
[SourceVersion "1"]
[SourceVersionDate "2008.11.05"]
[SourceQuality "1"]

1. e4 e5 2. f4 d5 3. exd5 c6 4. Nc3 exf4 5. Bc4 Qh4+ 6. Kf1 f3 7. d3 fxg2+ 8. Kxg2 Bg4 9. Qd2 Be7 10. Qf4 g5 11. Qc7 Nd7 12. h3 Bf5 13. Nf3 Qh6 14. Bd2 Bd6 15. Qxb7 Rb8 16. Qxc6 Ne7 17. Rae1 Kf8 18. Rxe7 Rb6 19. Qc8+ Kg7 20. Rxf7+ Kxf7 21. Qxh8 Be7 22. d6+ Be6 23. dxe7 Rb8 24. Bxe6+ Kxe6 25. e8Q+ Rxe8 26. Qxe8+ 1-0

[Event "WMSG Blitz Team 1st (Women)"]
[Site "Beijing"]
[Date "2008.10.13"]
[Round "4"]
[White "Gara, Ticia"]
[Black "Marshall, Abby"]
[Result "1-0"]
[WhiteElo "2312"]
[BlackElo "2194"]
[PlyCount "104"]
[EventDate "2008.10.13"]
[EventType "team (blitz)"]
[EventRounds "11"]
[EventCountry "CHN"]
[SourceTitle "CBM 126 Extra"]
[Source "ChessBase"]
[SourceDate "2008.11.05"]
[SourceVersion "1"]
[SourceVersionDate "2008.11.05"]
[SourceQuality "1"]

1. e4 e5 2. Nf3 Nc6 3. Bb5 Nf6 4. 0-0 Bc5 5. d3 d6 6. h3 h6 7. c3 0-0 8. Nbd2 a6 9. Bxc6 bxc6 10. d4 exd4 11. cxd4 Ba7 12. Qc2 Bd7 13. Re1 Re8 14. Nc4 d5 15. exd5 Rxe1+ 16. Nxe1 cxd5 17. Ne5 Bxd4 18. N1f3 Bb6 19. Bf4 Be6 20. Rc1 Ne4 21. Nd3 Qf6 22. Qc6 Rd8 23. Bxc7 Bxc7 24. Qxc7 Rc8 25. Qe5 Rxc1+ 26. Nxc1 Qxe5 27. Nxe5 Kf8 28. Ncd3 Ke7 29. f3 Nd2 30. Kf2 Kd6 31. Ke3 Nc4+ 32. Nxc4+ dxc4 33. Nf4 Bf5 34. Kd4 Bb1 35. a3 Ba2 36. Ne2 Ke6 37. Nc3 Bb3 38. Ne4 Kf5 39. g3 Bd1 40. Nd2 Be2 41. f4 g5 42. fxg5 hxg5 43. Nxc4 g4 44. Ne3+ Kg5 45. h4+ Kf6 46. Ke4 Ke6 47. Kf4 Kd6 48. Nxg4 Kc5 49. h5 Bd1 50. h6 Bc2 51. Nf6 Kc4 52. Ne4 f5 1-0

[Event "WMSG Blitz Team 1st (Women)"]
[Site "Beijing"]
[Date "2008.10.13"]
[Round "6"]
[White "Jiretorn, Eva"]
[Black "Marshall, Abby"]
[Result "0-1"]
[WhiteElo "2150"]
[BlackElo "2194"]
[PlyCount "132"]
[EventDate "2008.10.13"]
[EventType "team (blitz)"]
[EventRounds "11"]
[EventCountry "CHN"]
[SourceTitle "CBM 126 Extra"]
[Source "ChessBase"]
[SourceDate "2008.11.05"]
[SourceVersion "1"]
[SourceVersionDate "2008.11.05"]
[SourceQuality "1"]

1. d4 d5 2. c4 e6 3. Nf3 c5 4. cxd5 exd5 5. g3 Nc6 6. Bg2 Nf6 7. Nc3 Be7 8. 0-0 0-0 9. b3 Bg4 10. dxc5 Bxc5 11. Bb2 Re8 12. h3 Bh5 13. g4 Bg6 14. e3 Bb4 15. a3 Ba5 16. b4 Bc7 17. Nb5 Bb6 18. Nbd4 Ne4 19. Rc1 h5 20. Nxc6 bxc6 21. Rxc6 hxg4 22. hxg4 Qd7 23. Rxg6 fxg6 24. Ne5 Qe6 25. a4 Rad8 26. a5 Bc7 27. Nd3 Qd6 28. f4 Qd7 29. Bd4 a6 30. Nc5 Nxc5 31. Bxc5 Bb8 32. g5 Ba7 33. Qd4 Bxc5 34. Qxc5 Qd6 35. Qd4 Qe6 36. Kf2 Re7 37. Rd1 Red7 38. Qb6 Qxb6 39. axb6 Rb8 40. b7 Kf8 41. Bxd5 Rbxb7 42. Rd4 Rb5 43. e4 Ke7 44. Ke3 Rc7 45. Kf3 Rc3+ 46. Kg4 Rc1 47. e5 Rb6 48. Be4 Rc3 49. Bd5 Rc2 50. Be4 Rb2 51. Rc4 R2xb4 52. Rxb4 Rxb4 53. Bxg6 a5 54. Kf3 a4 55. Bc2 a3 56. f5 a2 57. f6+ gxf6 58. gxf6+ Kf7 59. Be4 a1Q 60. Bd5+ Kf8 61. e6 Qxf6+ 62. Ke3 Qd4+ 63. Kf3 Qxd5+ 64. Ke3 Qxe6+ 65. Kd3 Qe4+ 66. Kc3 Qd4+ 0-1

[Event "WMSG Blitz Team 1st (Women)"]
[Site "Beijing"]
[Date "2008.10.13"]
[Round "9"]
[White "Marshall, Abby"]
[Black "Mohota, Nisha"]
[Result "0-1"]
[WhiteElo "2194"]
[BlackElo "2311"]
[PlyCount "92"]
[EventDate "2008.10.13"]
[EventType "team (blitz)"]
[EventRounds "11"]
[EventCountry "CHN"]
[SourceTitle "CBM 126 Extra"]
[Source "ChessBase"]
[SourceDate "2008.11.05"]
[SourceVersion "1"]
[SourceVersionDate "2008.11.05"]
[SourceQuality "1"]

1. e4 Nf6 2. e5 Nd5 3. d4 d6 4. Nf3 dxe5 5. Nxe5 c6 6. Bc4 Nd7 7. Nxd7 Bxd7 8. 0-0 g6 9. Nd2 Bg7 10. Nf3 Bg4 11. c3 0-0 12. h3 Be6 13. Re1 Nxc3 14. bxc3 Bxc4 15. Bg5 Be6 16. Rb1 b5 17. a4 a6 18. Bh4 Re8 19. Ng5 Bc4 20. Ne4 Qa5 21. Qd2 bxa4 22. Nc5 a3 23. Rb4 Bd5 24. Ra4 Qc7 25. Rxa3 f6 26. Rea1 a5 27. Bg3 e5 28. Qc2 Qb6 29. c4 Bf7 30. Rb3 Qd8 31. dxe5 fxe5 32. Rb7 e4 33. Nxe4 Bxa1 34. Nd6 Be6 35. Qa2 Re7 36. Qxa1 Qxd6 37. Bxd6 Bxc4 38. f4 a4 39. Kf2 Kf7 40. Bb4 Ke6 41. Ke3 Bf1 42. g4 c5 43. h4 a3 44. h5 Ba6 45. Kf2 c4 46. hxg6 hxg6 0-1

[Event "WMSG Rapid 1st (Women)"]
[Site "Beijing"]
[Date "2008.10.06"]
[Round "6"]
[White "Marshall, Abby"]
[Black "Golubenko, Valentina"]
[Result "1/2-1/2"]
[WhiteElo "2194"]
[BlackElo "2273"]
[PlyCount "94"]
[EventDate "2008.10.05"]
[EventType "swiss (rapid)"]
[EventRounds "9"]
[EventCountry "CHN"]
[SourceTitle "CBM 126 Extra"]
[Source "ChessBase"]
[SourceDate "2008.11.05"]
[SourceVersion "1"]
[SourceVersionDate "2008.11.05"]
[SourceQuality "1"]

1. e4 c5 2. Nf3 e6 3. d4 cxd4 4. Nxd4 a6 5. Bd3 Nc6 6. Nf3 Qc7 7. c4 Bd6 8. Nc3 Nf6 9. Qe2 Ng4 10. h3 Nge5 11. 0-0 0-0 12. Nxe5 Nxe5 13. f4 Nxd3 14. Qxd3 f5 15. e5 Bc5+ 16. Kh1 d6 17. exd6 Bxd6 18. a3 Be7 19. b4 Bd7 20. Bb2 Rad8 21. Qg3 Bf6 22. c5 Bc6 23. Rae1 Rd2 24. Rf2 Rfd8 25. Qe3 Rxf2 26. Qxf2 Rd3 27. Nd1 Bxb2 28. Nxb2 Rxh3+ 29. Kg1 Rh6 30. Qe3 Be4 31. Nd3 Rg6 32. Re2 Qe7 33. Ne5 Rh6 34. Qg3 Bd5 35. a4 b6 36. Qf2 Rf6 37. Rb2 b5 38. axb5 axb5 39. c6 Rf8 40. Qb6 Qh4 41. Rf2 Qh5 42. c7 Qd1+ 43. Kh2 Qh5+ 44. Kg1 Qd1+ 45. Kh2 Qh5+ 46. Kg1 Qd1+ 47. Kh2 Qh5+ 1/2-1/2

[Event "WMSG Blitz 1st (Women)"]
[Site "Beijing"]
[Date "2008.10.04"]
[Round "7"]
[White "Borosova, Zuzana"]
[Black "Marshall, Abby"]
[Result "1-0"]
[WhiteElo "2234"]
[BlackElo "2194"]
[PlyCount "92"]
[EventDate "2008.10.04"]
[EventType "swiss (blitz)"]
[EventRounds "11"]
[EventCountry "CHN"]
[SourceTitle "CBM 126 Extra"]
[Source "ChessBase"]
[SourceDate "2008.11.05"]
[SourceVersion "1"]
[SourceVersionDate "2008.11.05"]
[SourceQuality "1"]

1. e4 e5 2. Nf3 Nc6 3. Bc4 Nf6 4. d3 Bc5 5. c3 d6 6. 0-0 h6 7. Nbd2 0-0 8. Bb3 Kh8 9. Nc4 a6 10. Ne3 Ba7 11. h3 Ne7 12. Re1 Nh7 13. Nh4 Ng5 14. Qh5 Ng8 15. Ng4 Bxg4 16. Qxg4 Nf6 17. Qe2 Nfh7 18. Nf5 Qf6 19. Be3 Bxe3 20. fxe3 Ne6 21. Rf1 Qd8 22. Qf2 Nf6 23. Qg3 Rg8 24. Bxe6 fxe6 25. Nh4 Qe8 26. Ng6+ Kh7 27. Nh4 Nh5 28. Qg4 Nf6 29. Qe2 Qe7 30. Nf3 Rgf8 31. Rf2 Nh5 32. Kh2 Nf6 33. Raf1 Rad8 34. Nd2 d5 35. exd5 exd5 36. e4 dxe4 37. Nxe4 Nd5 38. Rxf8 Rxf8 39. Ng3 Nf4 40. Qe4+ Kh8 41. Nf5 Qg5 42. Ng3 Rf6 43. Re1 Rg6 44. Qf3 Rf6 45. Ne4 Nxg2 46. Nxg5 Rxf3 1-0

[Event "WMSG Blitz 1st (Women)"]
[Site "Beijing"]
[Date "2008.10.04"]
[Round "1"]
[White "Kovanova, Baira"]
[Black "Marshall, Abby"]
[Result "1-0"]
[WhiteElo "2379"]
[BlackElo "2194"]
[PlyCount "93"]
[EventDate "2008.10.04"]
[EventType "swiss (blitz)"]
[EventRounds "11"]
[EventCountry "CHN"]
[SourceTitle "CBM 126 Extra"]
[Source "ChessBase"]
[SourceDate "2008.11.05"]
[SourceVersion "1"]
[SourceVersionDate "2008.11.05"]
[SourceQuality "1"]

1. e4 e5 2. Nf3 Nc6 3. Bc4 Nf6 4. d3 Bc5 5. 0-0 d6 6. h3 h6 7. c3 0-0 8. Bb3 a6 9. Re1 Re8 10. Nbd2 Ba7 11. Nc4 Ne7 12. d4 exd4 13. cxd4 Ng6 14. e5 dxe5 15. Ncxe5 Nxe5 16. dxe5 Qxd1 17. Bxd1 Nd5 18. Bb3 Nb4 19. Re2 Bf5 20. Be3 Bxe3 21. Rxe3 Nc6 22. Bd5 Rad8 23. Bxc6 bxc6 24. Rc1 Bd7 25. Ra3 Ra8 26. Rd1 Be6 27. Nd4 Bd5 28. f4 Rab8 29. b3 Rb6 30. Ra5 f6 31. exf6 gxf6 32. Nf5 Kh7 33. Rd2 Kg6 34. Nd4 Re4 35. f5+ Kf7 36. Nf3 Rf4 37. Nd4 Rb4 38. Nc2 Rb6 39. Ne3 Be4 40. Rc5 Ke7 41. Rc4 Rb5 42. Rdd4 Re5 43. g3 Bd5 44. Nxd5+ cxd5 45. gxf4 Re1+ 46. Kf2 dxc4 47. Kxe1 1-0

[Event "WMSG Blitz 1st (Women)"]
[Site "Beijing"]
[Date "2008.10.04"]
[Round "6"]
[White "Marshall, Abby"]
[Black "Dolzhikova, Kateryna"]
[Result "0-1"]
[WhiteElo "2194"]
[BlackElo "2351"]
[PlyCount "60"]
[EventDate "2008.10.04"]
[EventType "swiss (blitz)"]
[EventRounds "11"]
[EventCountry "CHN"]
[SourceTitle "CBM 126 Extra"]
[Source "ChessBase"]
[SourceDate "2008.11.05"]
[SourceVersion "1"]
[SourceVersionDate "2008.11.05"]
[SourceQuality "1"]

1. e4 c5 2. Nf3 d6 3. d4 cxd4 4. Nxd4 Nf6 5. Nc3 a6 6. Bg5 e6 7. f4 Nbd7 8. Qf3 Qc7 9. 0-0-0 b5 10. Bxf6 Nxf6 11. e5 Bb7 12. Qg3 dxe5 13. fxe5 Nd5 14. Nxd5 Bxd5 15. Kb1 g6 16. Bd3 Bg7 17. Rde1 0-0 18. h4 h5 19. Qe3 Bxg2 20. Rhg1 Bd5 21. c3 Bc4 22. Bc2 Rab8 23. Nf3 b4 24. cxb4 Rxb4 25. Qc3 Rfb8 26. b3 Qa5 27. Nd4 Rxb3+ 28. Qxb3 Bxb3 29. Bxb3 Qc3 30. Ne2 Qd3+ 0-1

[Event "WMSG Blitz 1st (Women)"]
[Site "Beijing"]
[Date "2008.10.04"]
[Round "3"]
[White "Socko, Monika"]
[Black "Marshall, Abby"]
[Result "0-1"]
[WhiteElo "2434"]
[BlackElo "2194"]
[PlyCount "131"]
[EventDate "2008.10.04"]
[EventType "swiss (blitz)"]
[EventRounds "11"]
[EventCountry "CHN"]
[SourceTitle "CBM 126 Extra"]
[Source "ChessBase"]
[SourceDate "2008.11.05"]
[SourceVersion "1"]
[SourceVersionDate "2008.11.05"]
[SourceQuality "1"]

1. e4 e5 2. Nf3 Nc6 3. Bb5 Nf6 4. 0-0 Bc5 5. d3 d6 6. c3 0-0 7. d4 Bb6 8. Re1 Bg4 9. d5 Ne7 10. Be3 Ng6 11. Nbd2 h6 12. h3 Bc8 13. a4 Bxe3 14. Rxe3 Nh7 15. a5 f5 16. exf5 Bxf5 17. Ne4 a6 18. Bf1 Nf4 19. Nh2 Qe7 20. Qd2 Qf7 21. c4 Qg6 22. Ng3 Bd7 23. Bd3 Qf7 24. Bxh7+ Kxh7 25. Rae1 Kh8 26. Ne4 Qg6 27. Ng3 Rf7 28. c5 Raf8 29. b4 Bxh3 30. Rf3 Nxg2 31. Rxf7 Rxf7 32. Rc1 Nf4 33. cxd6 cxd6 34. Nf3 Bd7 35. Nh4 Qg4 36. Ng2 Nh3+ 37. Kh2 Ng5 38. Ne1 Nh3 39. f3 Qh4 40. Kg2 Nf4+ 41. Kf2 Qh2+ 42. Ke3 Qxg3 43. Rc7 Qg5 44. Kf2 Qh4+ 45. Ke3 Qg5 46. Kf2 Qh4+ 47. Ke3 Nh3 48. Kd3 Bf5+ 49. Kc3 Qd4+ 50. Qxd4 exd4+ 51. Kxd4 Rxc7 52. Ng2 Ng5 53. f4 Nf7 54. Ne3 Bc8 55. f5 Rc1 56. Nc4 Rd1+ 57. Ke3 Ne5 58. Nxd6 Bd7 59. Ke4 Ng4 60. Kf4 Nf6 61. Nf7+ Kg8 62. Ne5 Rxd5 63. Ng6 Rxf5+ 64. Ke3 Rg5 65. Ne7+ Kf7 66. Kd4 0-1

[Event "Wch U16 Girls"]
[Site "Kemer"]
[Date "2007.11.27"]
[Round "10"]
[White "Skinke, Katrina"]
[Black "Marshall, Abby"]
[Result "1-0"]
[WhiteElo "2166"]
[BlackElo "2208"]
[PlyCount "109"]
[EventDate "2007.11.18"]
[EventType "swiss"]
[EventRounds "11"]
[EventCountry "TUR"]
[SourceTitle "CBM 121 Extra"]
[Source "ChessBase"]
[SourceDate "2008.01.10"]
[SourceVersion "1"]
[SourceVersionDate "2008.01.10"]
[SourceQuality "1"]

1. e4 e5 2. Nf3 Nc6 3. Bc4 Nf6 4. d3 Bc5 5. 0-0 d6 6. c3 0-0 7. Nbd2 a6 8. Bb3 Ba7 9. h3 Be6 10. Bc2 Nh5 11. d4 exd4 12. Nxd4 Nf4 13. N2f3 Ng6 14. Nxe6 fxe6 15. Bb3 Qf6 16. Bg5 Qf7 17. Nd4 Rae8 18. Nxc6 bxc6 19. Qd2 Bb6 20. Be3 Nh4 21. Bg5 Ng6 22. Be3 Nf4 23. Bxf4 Qxf4 24. Qxf4 Rxf4 25. Rae1 Kh8 26. Re2 Ref8 27. Ba4 g5 28. g3 Rf3 29. Kg2 c5 30. c4 Rd3 31. Bd7 Rf6 32. Bc8 a5 33. Bb7 Rd4 34. Rc1 h5 35. Rcc2 h4 36. Rc3 Kg7 37. Bc6 Rd1 38. b3 Rd4 39. Rec2 Kf7 40. Rf3 hxg3 41. fxg3 Rxf3 42. Kxf3 Rd1 43. Kg4 Rg1 44. Rf2+ Ke7 45. Rf3 Rh1 46. a4 Rh2 47. Kxg5 Rxh3 48. Kg6 d5 49. e5 Rh8 50. Kg7 dxc4 51. Rf7+ Kd8 52. Kxh8 cxb3 53. Rf8+ Ke7 54. Kg7 b2 55. Re8# 1-0

[Event "Wch U16 Girls"]
[Site "Kemer"]
[Date "2007.11.21"]
[Round "4"]
[White "Marshall, Abby"]
[Black "Kiss, Kinga"]
[Result "1/2-1/2"]
[WhiteElo "2208"]
[BlackElo "2085"]
[PlyCount "129"]
[EventDate "2007.11.18"]
[EventType "swiss"]
[EventRounds "11"]
[EventCountry "TUR"]
[SourceTitle "CBM 121 Extra"]
[Source "ChessBase"]
[SourceDate "2008.01.10"]
[SourceVersion "1"]
[SourceVersionDate "2008.01.10"]
[SourceQuality "1"]

1. e4 c5 2. Nf3 Nc6 3. d4 cxd4 4. Nxd4 Nf6 5. Nc3 e5 6. Ndb5 d6 7. Bg5 a6 8. Na3 b5 9. Bxf6 gxf6 10. Nd5 Bg7 11. c3 f5 12. Bd3 Be6 13. Nc2 Bxd5 14. exd5 Ne7 15. a4 bxa4 16. Ne3 e4 17. Qxa4+ Kf8 18. Be2 Qb6 19. Nc4 Qc7 20. Qa5 Qxa5 21. Rxa5 Nc8 22. Kd2 Rb8 23. Rxa6 Rb5 24. Ra5 Rxa5 25. Nxa5 Nb6 26. Nc4 Nxc4+ 27. Bxc4 Ke7 28. Ra1 Rc8 29. Bb3 Be5 30. g3 h5 31. Ra7+ Kf6 32. Ba4 h4 33. Bc6 f4 34. gxh4 Rh8 35. Ra4 e3+ 36. fxe3 Rxh4 37. exf4 Rxf4 38. h3 Rxa4 39. Bxa4 Kg5 40. Kd3 f5 41. Bd7 Bh2 42. Kc4 Kf4 43. Kd3 Ke5 44. Be6 f4 45. h4 Bg1 46. h5 Kf6 47. Bg4 Kg5 48. Bf3 Bb6 49. b4 Bd8 50. c4 Bb6 51. Ke4 Be3 52. c5 dxc5 53. b5 c4 54. Be2 c3 55. Kd3 Bd4 56. Bd1 Be5 57. Ke4 Bc7 58. Kd3 Be5 59. b6 Kf6 60. b7 Kf5 61. Bf3 Kg5 62. Bd1 Kf6 63. Be2 Kf5 64. Bf3 Kg5 65. Bd1 1/2-1/2

[Event "Wch U16 Girls"]
[Site "Kemer"]
[Date "2007.11.20"]
[Round "3"]
[White "Bhakti, Kulkarni"]
[Black "Marshall, Abby"]
[Result "1/2-1/2"]
[WhiteElo "2112"]
[BlackElo "2208"]
[PlyCount "160"]
[EventDate "2007.11.18"]
[EventType "swiss"]
[EventRounds "11"]
[EventCountry "TUR"]
[SourceTitle "CBM 121 Extra"]
[Source "ChessBase"]
[SourceDate "2008.01.10"]
[SourceVersion "1"]
[SourceVersionDate "2008.01.10"]
[SourceQuality "1"]

1. c4 e6 2. Nc3 d5 3. d4 c5 4. cxd5 exd5 5. Nf3 Nc6 6. g3 Nf6 7. Bg2 Be7 8. 0-0 0-0 9. Be3 cxd4 10. Nxd4 Re8 11. Rc1 Bf8 12. Qa4 Na5 13. Bg5 Be6 14. Ncb5 Nc4 15. b3 Nb6 16. Qa5 Nbd7 17. Qxd8 Raxd8 18. Nc7 Re7 19. Bd2 Nb6 20. a4 Rc8 21. Ncxe6 Rxc1 22. Rxc1 fxe6 23. a5 Nbd7 24. Rc7 e5 25. Nf5 Rf7 26. Rxb7 Nc5 27. Rxf7 Kxf7 28. b4 Nce4 29. Be1 Ke6 30. Ne3 d4 31. Nc2 Nc3 32. Bxc3 dxc3 33. e4 g5 34. Kf1 Ne8 35. Ke2 Nc7 36. Kd3 Nb5 37. Bh3+ Kf6 38. Ne3 Kf7 39. Nd5 Nd4 40. Kxc3 h5 41. Bd7 Bd6 42. b5 Ne6 43. b6 axb6 44. Bxe6+ Kxe6 45. a6 Bb8 46. Nc7+ Kd6 47. Nb5+ Kc5 48. a7 Bxa7 49. Nxa7 b5 50. Nc8 b4+ 51. Kb3 Kd4 52. Nd6 Kd3 53. Kxb4 Ke2 54. Nf7 Kxf2 55. Nxg5 Kg2 56. Nf7 Kxh2 57. Nxe5 Kxg3 58. Ng6 h4 59. e5 h3 60. e6 h2 61. e7 h1Q 62. e8Q Qb1+ 63. Kc5 Qc2+ 64. Kd6 Qd2+ 65. Ke6 Qe2+ 66. Ne5 Qa6+ 67. Kf5 Qf1+ 68. Kg6 Qb1+ 69. Kh6 Qc1+ 70. Kh7 Qh1+ 71. Kg7 Qb7+ 72. Kg8 Qd5+ 73. Kh8 Qh1+ 74. Kg7 Qb7+ 75. Nd7 Qb2+ 76. Nf6 Qb7+ 77. Kh6 Qh1+ 78. Nh5+ Kf2 79. Qc8 Qf3 80. Qc2+ Qe2 1/2-1/2